| 000 | 02009cam a2200517 i 4500 | ||
|---|---|---|---|
| 001 | xx004710337 | ||
| 003 | NUKAT | ||
| 005 | 20260407131301.0 | ||
| 008 | 190930s2019 pl g |001 0 pol c | ||
| 020 |
_a9788380986794 _q(oprawa twarda) : _czł 40,00 |
||
| 035 | _a(OCoLC)1126624939 | ||
| 035 | _a(NUKAT)xx004710337 | ||
| 040 |
_aKAT U/MB _bpol _erda _cKAT U/MBs _dKAT U/DB _dWA 14/MBs _dOLSZT 008/bak |
||
| 045 | 2 |
_bd1943 _bd1989 |
|
| 046 | _k2019 | ||
| 245 | 0 | 0 |
_aJałta : _brzeczywistość, mit i pamięć / _cpod redakcją Sławomira Łukasiewicza. |
| 260 |
_aWarszawa : _bInstytut Pamięci Narodowej Komisja Ścigania Zbrodni przeciwko Narodowi Polskiemu, _c2019. |
||
| 300 |
_a406, [1] strona ; _c21 cm. |
||
| 336 |
_aTekst _btxt _2rdacontent |
||
| 337 |
_aBez urządzenia pośredniczącego _bn _2rdamedia |
||
| 338 |
_aWolumin _bnc _2rdacarrier |
||
| 380 | _aKsiążki | ||
| 380 | _aPublikacje naukowe | ||
| 388 | 1 | _a2001- | |
| 490 | 1 | _aCentralny Projekt Badawczy IPN Polska Emigracja Niepodległościowa 1945-1990 | |
| 504 | _aIndeks. | ||
| 611 | 2 | 7 |
_aKonferencja Jałtańska _d(1945). _2kaba _911983 |
| 648 | 7 |
_a1901-2000 _2DBN _934996 |
|
| 648 | 7 |
_a1939-1945 _2DBN _936042 |
|
| 648 | 7 |
_a1945-1989 _2DBN _936043 |
|
| 650 | 7 |
_aII wojna światowa (1939-1945) _2DBN _935099 |
|
| 650 | 7 |
_aKonferencja jałtańska (1945) _2DBN _939547 |
|
| 651 | 7 |
_aEuropa _2DBN _935699 |
|
| 651 | 7 |
_aPolska _2DBN _935076 |
|
| 651 | 7 |
_aStany Zjednoczone (USA) _2DBN _935652 |
|
| 651 | 7 |
_aWielka Brytania _2DBN _936137 |
|
| 651 | 7 |
_aZSRR _2DBN _937200 |
|
| 655 | 7 |
_aMateriały konferencyjne _2DBN _936310 |
|
| 655 | 7 |
_aPraca zbiorowa _2DBN _935107 |
|
| 658 | _aHistoria | ||
| 700 | 1 |
_aŁukasiewicz, Sławomir _d(1972- ). _eRedakcja _937403 |
|
| 710 | 2 |
_aInstytut Pamięci Narodowej - Komisja Ścigania Zbrodni przeciwko Narodowi Polskiemu. _eWydawca _4pbl _911792 |
|
| 830 | 0 |
_aPolska Emigracja Niepodległościowa 1945-1990 _939546 |
|
| 920 | _a978-83-8098-679-4 (oprawa twarda) : zł 40,00 | ||
| 942 |
_2ddc _cBK_NM |
||
| 999 |
_c27447 _d27447 |
||